Novyj sojuznyj dogovor i ekonomičeskije svjazi suverennych respublik.
Ekonomická kríza v bývalom ZSSR a očakávania späté so zväzovou zmluvou. Problémy harmonizácie vzájomných vzťahov medzi zväzom a republikami. Celkový objem vzájomnej tovarovej výmeny. Úloha Ruska. Rozvoj zahranično-ekonomických vzťahov v suverénnych republikách.
Salvato in:
| Autore principale: | |
|---|---|
| Natura: | Capitolo di libro |
| Lingua: | russo |
| Soggetti: | |
| Tags: |
Nessun Tag, puoi essere il primo ad aggiungerne!!
|
MARC
| LEADER | 00000naa a2200000 4500 | ||
|---|---|---|---|
| 001 | r007229 | ||
| 005 | 20221208122524.0 | ||
| 041 | 0 | |a rus | |
| 044 | |a [SU] | ||
| 245 | 1 | 0 | |a Novyj sojuznyj dogovor i ekonomičeskije svjazi suverennych respublik. |c N. Zenčenko |
| 520 | |a Ekonomická kríza v bývalom ZSSR a očakávania späté so zväzovou zmluvou. Problémy harmonizácie vzájomných vzťahov medzi zväzom a republikami. Celkový objem vzájomnej tovarovej výmeny. Úloha Ruska. Rozvoj zahranično-ekonomických vzťahov v suverénnych republikách. | ||
| 610 | 2 | 0 | |a zmluvy o spolupráci |
| 610 | 2 | 0 | |a ZSSR |
| 610 | 2 | 0 | |a vzťahy hospodárske vonkajšie |
| 610 | 2 | 0 | |a kríza hospodárska |
| 610 | 2 | 0 | |a Rusko |
| 610 | 2 | 0 | |a výmena tovarová |
| 610 | 2 | 0 | |a vzťahy zmluvné |
| 100 | 1 | |a Zenčenko, N. | |